Logos with extreme blur - Statistics

General Stats
  • This quiz has been taken 44 times
    35 since last reset
  • The average score is 6 of 9
Answer Stats
Picture Answer % Correct
BMW
100%
Coca-Cola
100%
Pepsi
100%
Starbucks
100%
Amazon
97%
IBM
93%
Oneplus
33%
Uberdl
13%
Craion
10%
No matching quizzes found
Score Distribution
Percent of People with Each Score
Percentile by Number Answered
Your Score History
You have not taken this quiz since the last reset